| 000 | 00781nam a22002411 4500 | ||
|---|---|---|---|
| 001 | 20237 | ||
| 003 | CZ PrNK | ||
| 005 | 20260120102751.0 | ||
| 008 | 030525s1956 xo slo | ||
| 040 |
_aABA001 _bcze _cABA001 _dABA001 |
||
| 041 | 1 |
_aslo _hcze |
|
| 080 |
_a634.9(084.1) _2undef |
||
| 100 | 1 |
_aNěmec, Bohumil, _d1873-1966 _4aut |
|
| 245 | 1 | 0 |
_aRozprávanie o stromoch a lesoch / _c[Nap.] B. Němec ; Z čes. rkp. prel., častočne pozmenila, dopl. a terminologicky uprav. Mária Luxová |
| 250 | _a1. vyd. | ||
| 260 |
_aMartin : _bOsveta, _c1956 _f(Severoslovenské tlač.) |
||
| 300 |
_a233, [4] s. : _bil. ; _c8° |
||
| 490 | 1 |
_aNáučná knižnica ; _vZv. 7 |
|
| 500 | _a2200 výtl. | ||
| 830 | 0 | _aNáučná knižnica | |
| 910 | _aABA001 | ||
| 942 |
_2ddc _cOLDO _n0 |
||
| 999 |
_c20237 _d20237 |
||